| 000 | 01255cam a2200337 a 4500 | ||
|---|---|---|---|
| 999 |
_c22889 _d22889 |
||
| 001 | 16105343 | ||
| 005 | 20170125094003.0 | ||
| 008 | 100224s2009 gau 000 1 eng d | ||
| 010 | _a 2010277054 | ||
| 020 | _a9781605042855 (pbk.) | ||
| 020 | _a1605042854 (pbk.) | ||
| 035 | _a(OCoLC)ocn418043441 | ||
| 042 | _alccopycat | ||
| 043 | _an-us-la | ||
| 050 | 0 | 0 | _aPS3618 .Y3358H65 2009 |
| 100 | 1 | _aRyan, Marie-Nicole. | |
| 245 | 1 | 0 |
_aHolding her own / _cMarie-Nicole Ryan. |
| 260 |
_aMacon, GA : _bSamhain Pub., _cc2009. |
||
| 300 |
_a305 p. ; _c22 cm. |
||
| 500 |
_aBoth LC copies signed by author. _5DLC |
||
| 610 | 1 | 0 |
_aUnited States. _bFederal Bureau of Investigation _vFiction. |
| 650 | 0 |
_aUndercover operations _vFiction. |
|
| 651 | 0 |
_aNew Orleans (La.) _vFiction. |
|
| 655 | 7 |
_aErotic fiction. _2gsafd |
|
| 655 | 7 |
_aRomantic suspense fiction. _2gsafd |
|
| 942 |
_2lcc _cBOOKS |
||